Price risk management and access to finance for rubber growers: The case of price stabilisation fund in Kerala (Record no. 65687)

MARC details
000 -LEADER
fixed length control field 00493nam a2200157Ia 4500
100 ## - MAIN ENTRY--AUTHOR NAME
Personal name Varkey Mariam Lisa
245 #0 - TITLE STATEMENT
Title Price risk management and access to finance for rubber growers: The case of price stabilisation fund in Kerala
260 ## - PUBLICATION, DISTRIBUTION, ETC. (IMPRINT)
Name of publisher Indian Journal of Agricultural Economics
Year of publication 2013
300 ## - PHYSICAL DESCRIPTION
Number of Pages 67-88
650 ## - SUBJECT ADDED ENTRY--TOPICAL TERM
Topical Term Kerala
650 ## - SUBJECT ADDED ENTRY--TOPICAL TERM
Topical Term Price stabilisation
650 ## - SUBJECT ADDED ENTRY--TOPICAL TERM
Topical Term Rubber growers
700 ## - ADDED ENTRY--PERSONAL NAME
Personal name Kumar Pramod
942 ## - ADDED ENTRY ELEMENTS (KOHA)
Koha item type Journals
Holdings
Withdrawn status Lost status Damaged status Not for loan Home library Current library Shelving location Date acquired Serial Enumeration / chronology Koha item type
      Journals RRII Library RRII Library Economics 21/08/2013 Volume 68, Issue 1 Journals